000 00458nam a2200181Ia 4500
001 22869
003 IN-NITTTR
005 20251114233257.0
008 251113s9999||||xx |||||||||||||| ||eng||
040 _beng
040 _cIN-NITTTR
041 _aeng
082 _a658.15 S15I
100 _aSchall, Lawrence D.
245 0 _aIntroduction to financial management. /
_cSchall, Lawrence D., Haley, Charles
700 _a Haley, Charles
942 _2ddc
_cBK
999 _c25498
_d25498